| 000 -LEADER |
| fixed length control field |
01508 a2200241 4500 |
| 003 - CONTROL NUMBER IDENTIFIER |
| control field |
Nust |
| 005 - DATE AND TIME OF LATEST TRANSACTION |
| control field |
20220819104556.0 |
| 010 ## - LIBRARY OF CONGRESS CONTROL NUMBER |
| LC control number |
2010048265 |
| 020 ## - INTERNATIONAL STANDARD BOOK NUMBER |
| International Standard Book Number |
9780470711224 (hardback) |
| 040 ## - CATALOGING SOURCE |
| Transcribing agency |
Nust |
| 082 00 - DEWEY DECIMAL CLASSIFICATION NUMBER |
| Classification number |
621.384,GLI |
| 100 1# - MAIN ENTRY--PERSONAL NAME |
| Personal name |
Glisic, Savo G. |
| 9 (RLIN) |
98081 |
| 245 10 - TITLE STATEMENT |
| Title |
Advanced wireless communications & Internet : |
| Remainder of title |
future evolving technologies / |
| Statement of responsibility, etc. |
Savo G. Glisic. |
| 250 ## - EDITION STATEMENT |
| Edition statement |
3rd ed. |
| 260 ## - PUBLICATION, DISTRIBUTION, ETC. |
| Place of publication, distribution, etc. |
Chichester, West Sussex, U.K. ; |
| -- |
Hoboken, N.J. : |
| Name of publisher, distributor, etc. |
Wiley , |
| Date of publication, distribution, etc. |
2011. |
| 300 ## - PHYSICAL DESCRIPTION |
| Extent |
p. cm. |
| 505 ## - FORMATTED CONTENTS NOTE |
| Formatted contents note |
Fundamentals (Page-1), Adaptive Coding (Page-35), Adaptive and Reconfigurable Modulation (Page-77), Space-Time Coding (Page 93), Multiuser Communication (Page-209), Channel Estimation and Equalization (Page-291), Orthogonal Frequency Division Multiplexing-OGFDM and Multicarrier CDMA (Page-351), Ultra Wide Band Radio (Page 459), Linear Procoding for MIMO Channels (Page-523), Cognitive Networks (Page-565), Relay-Assisted Wireless Networks (Page-585), Biological Inspired Paradigms in Wireless Networks (Page-683), Positioning in Wireless Networks (Page-743), Wireless Networks Connectivity (Page-773), Advanced Routing and Network Coding (Page-801), Network Formation Games (Page-887). |
| 650 #0 - SUBJECT ADDED ENTRY--TOPICAL TERM |
| Topical term or geographic name entry element |
Internet. |
| 9 (RLIN) |
17965 |
| 650 #0 - SUBJECT ADDED ENTRY--TOPICAL TERM |
| Topical term or geographic name entry element |
TECHNOLOGY & ENGINEERING / Telecommunications |
| 9 (RLIN) |
764 |
| 650 #0 - SUBJECT ADDED ENTRY--TOPICAL TERM |
| Topical term or geographic name entry element |
Telecommunication engineering |
| General subdivision |
Technological innovations. |
| 9 (RLIN) |
98213 |
| 856 42 - ELECTRONIC LOCATION AND ACCESS |
| Materials specified |
Cover image |
| Uniform Resource Identifier |
<a href="http://catalogimages.wiley.com/images/db/jimages/9780470711224.jpg">http://catalogimages.wiley.com/images/db/jimages/9780470711224.jpg</a> |
| 942 ## - ADDED ENTRY ELEMENTS (KOHA) |
| Source of classification or shelving scheme |
|
| Koha item type |
Reference |